000 00810nam a2200265Ia 4500
005 20260121170351.0
008 008 260114s9999 xx 000 0 eng d
020 _a9783319751788
037 _aEBOOK
040 _aCRL
040 _beng
040 _cCRL
041 _2eng
041 _aeng
084 _qCRL
100 _aDora B. Heras, Luc Bougé, Gabriele Mencagli, Emmanuel Jeannot, Rizos Sakellariou, Rosa M. Badia, Jorge G. Barbosa, Laura Ricci, Stephen L. Scott, Stefan Lankes, Josef Weidendorfer
_91063026
245 0 _aEuro-Par 2017: Parallel Processing Workshops
260 _bSpringer
260 _bSpringer
260 _c2018
856 _uhttps://link.springer.com/openurl?genre=book&isbn=978-3-319-75178-8
942 _cEBOOK
999 _c1628755
_d1628755